<?xml version="1.0" encoding="UTF-8"?>
<record
    xmlns:xsi="http://www.w3.org/2001/XMLSchema-instance"
    xsi:schemaLocation="http://www.loc.gov/MARC21/slim http://www.loc.gov/standards/marcxml/schema/MARC21slim.xsd"
    xmlns="http://www.loc.gov/MARC21/slim">

  <leader>01917    a2200205   4500</leader>
  <controlfield tag="001">58002</controlfield>
  <controlfield tag="005">20260407155840.0</controlfield>
  <controlfield tag="008">260407a1972    arg                 spa d</controlfield>
  <controlfield tag="003">AR-UNSa-BCEJYS</controlfield>
  <datafield tag="040" ind1=" " ind2=" ">
    <subfield code="a">AR-UNSa-BCEJYS</subfield>
    <subfield code="b">spa</subfield>
    <subfield code="c">AR-UNSa-BCEJYS</subfield>
  </datafield>
  <datafield tag="080" ind1=" " ind2=" ">
    <subfield code="a">912(084.4)</subfield>
    <subfield code="x">Atlas geogr&#xE1;fico</subfield>
  </datafield>
  <datafield tag="245" ind1="1" ind2="0">
    <subfield code="a">Atlas del potencial argentino</subfield>
  </datafield>
  <datafield tag="264" ind1=" " ind2="1">
    <subfield code="a">Buenos Aires :</subfield>
    <subfield code="b">Angel Estrada</subfield>
    <subfield code="c">1972</subfield>
  </datafield>
  <datafield tag="300" ind1=" " ind2=" ">
    <subfield code="a">159 p.</subfield>
    <subfield code="c">33 cm.</subfield>
  </datafield>
  <datafield tag="505" ind1=" " ind2=" ">
    <subfield code="a">1. Argentina en el mundo &#x2013; 2. Espacio argentino &#x2013; 3. Centros de poblaci&#xF3;n &#x2013; 4. Distribuci&#xF3;n de la poblaci&#xF3;n &#x2013; 5. Divisi&#xF3;n pol&#xED;tica &#x2013; 6. Alturas y profundidades &#x2013; 7. Vientos y corrientes marinas que influyen en el clima &#x2013; 8. Paisajes caracter&#xED;sticos &#x2013; 9. Distribuci&#xF3;n anual de lluvias &#x2013; 10. Cuencas hidrogr&#xE1;ficas y presas de ensamble &#x2013; 11. Vegetaci&#xF3;n natural &#x2013; 12. Regiones de desarrollo CONADE &#x2013; 13. Minerales energ&#xE9;ticos &#x2013; 14. Transporte de combustibles e industrias derivadas &#x2013; 15. Sistemas el&#xE9;ctricos &#x2013; 16. Ferrocarriles &#x2013; 17. Caminos &#x2013; 18. V&#xED;as navegables y puertos &#x2013; 19. Transporte a&#xE9;reo. Aeropuertos &#x2013; 20. Red interurbana de comunicaciones. Sistemas de microondas &#x2013; 21. Servicios de INTA &#x2013; 22. Cultivos de cereales &#x2013; 23. Cultivos industriales &#x2013; 24. Fruticultura, horticultura y floricultura &#x2013; 25. Cultivo de forrajeras. Zonas de cr&#xED;a y engorde bovino &#x2013; 26. Ganado bovino. Principales razas &#x2013; 27. Ganado bovino lechero e industria latea. Ganado porcino &#x2013; 28. Ganado ovino, caprino y equino &#x2013; 29. Explotaci&#xF3;n pesquera y zonas de granjas &#x2013; 30. Explotaci&#xF3;n forestal y reforestaci&#xF3;n &#x2013; 31. Minerales metal&#xED;feros e industrias derivadas &#x2013; 32. Minerales no metal&#xED;feros y rocas de aplicaci&#xF3;n &#x2013; 33. Los grandes valles patag&#xF3;nicos &#x2013; 34. El litoral rioplatense &#x2013; 35. Conglomerado bonaerense </subfield>
  </datafield>
  <datafield tag="041" ind1=" " ind2=" ">
    <subfield code="a">spa</subfield>
  </datafield>
  <datafield tag="942" ind1=" " ind2=" ">
    <subfield code="c">BK</subfield>
  </datafield>
  <datafield tag="590" ind1=" " ind2=" ">
    <subfield code="a">niveau_biblio:m niveau_hierar:0</subfield>
  </datafield>
  <datafield tag="100" ind1="1" ind2=" ">
    <subfield code="a">Quargnolo, Jorge</subfield>
  </datafield>
  <datafield tag="999" ind1=" " ind2=" ">
    <subfield code="c">6380</subfield>
    <subfield code="d">6380</subfield>
  </datafield>
  <datafield tag="952" ind1=" " ind2=" ">
    <subfield code="0">0</subfield>
    <subfield code="1">0</subfield>
    <subfield code="4">0</subfield>
    <subfield code="7">0</subfield>
    <subfield code="a">BCEJYS</subfield>
    <subfield code="b">BCEJYS</subfield>
    <subfield code="c">16</subfield>
    <subfield code="d">2026-04-07</subfield>
    <subfield code="l">0</subfield>
    <subfield code="o">R912(084.4) Q1</subfield>
    <subfield code="p">L23825</subfield>
    <subfield code="r">2026-04-07 15:58:40</subfield>
    <subfield code="w">2026-04-07</subfield>
    <subfield code="y">L</subfield>
  </datafield>
</record>
